Measure, topology, and fractal geometry

Αποθηκεύτηκε σε:
Λεπτομέρειες βιβλιογραφικής εγγραφής
Κύριος συγγραφέας: Edgar, Gerald A. 1949-
Μορφή: Βιβλίο
Γλώσσα:English
Δημοσίευση: New York : Springer-Verlag, 19920
Σειρά:Undergraduate texts in mathematics
Θέματα:
Ετικέτες: Προσθήκη ετικέτας
Δεν υπάρχουν, Καταχωρήστε ετικέτα πρώτοι!

MARC

LEADER 00000cam a2200000 i 4500
001 1/32181
008 941103s1992 eng d
020 |a 0387972722 
035 |l 10039031 
035 |a 1993  |c ΧΑΡΑΛΑΜΠΟΥΣ 
040 |a GR-MY-UA  |b gre  |e aacr 
041 0 |a eng 
082 0 |a 514.74  |2 (20) 
100 1 |a Edgar, Gerald A.  |d 1949- 
245 1 0 |a Measure, topology, and fractal geometry /  |c Gerald A. Edgar 
260 |a New York :   |b Springer-Verlag,   |c 19920 
300 |a ix, 230 p., [8] p. of plates;  |b ill. (some col.);  |c 24 cm 
490 1 |a Undergraduate texts in mathematics 
504 |a Includes bibliographical references and index 
650 0 0 |a Fractals. 
650 0 0 |a Measure theory. 
650 0 0 |a Topology. 
830 0 |a Undergraduate texts in mathematics 
852 |a INST  |b SAMOS  |e 19941103  |h 514.74 EDG  |p 005300003876  |q 005300003876  |t BK  |y 0 
909 |a Σ  |b 025210